000 00285nam a22001217a 4500
082 _a658.47 BRA'B
100 _aBRATT, ELMER CLARK
_958618
245 _aBUSINESS CYCLES AND FORECASTING
250 _a3RD
260 _aILLINOIS
_bRICHARD D. IRWIN
_c1948
300 _a585P
942 _cBK
999 _c568777
_d568777